[Event "Lindores Abbey Rapid Challenge-KO"]
[Site "Online"]
[Date "2020.05.26"]
[Round "2.3"]
[White "Karjakin, Sergey"]
[Black "Dubov, Daniil"]
[Result "0-1"]
[WhiteElo "2709"]
[BlackElo "2770"]
[Annotator "TA"]
[PlyCount "56"]
[EventDate "2020.05.19"]
[EventType "tourn"]
[SourceTitle "playchess.com"]
[Source "ChessBase"]
[SourceQuality "1"]

{[%evp 9,56,52,57,57,56,50,31,35,40,0,0,8,3,-101,-97,-190,-162,-411,-418,-463,-464,-484,-468,-505,-493,-506,-509,-614,-612,-669,-666,-664,-632,-602,-563,-565,-557,-558,-556,-586,-581,-575,-564,-584,-586,-578,-555,-1651,-1601]} 1. e4 d5 2. exd5 Qxd5 3. Nc3 {[%cal Bb1c3,Bc3b5,Bb5a3][%mdl 32]} Qd6 4. d4 Nf6 5. Nf3 Nc6 6. Nb5 {B01: Scandinavian Defence.} Qd8 7. Bf4 Nd5 8. Bg3 {Black must now prevent c4.White is slightly better.} a6 9. Na3 {[#]} e5 $146 ({Predecessor:} 9... e6 10. Nc4 Bb4+ 11. Ncd2 b5 12. c3 Be7 13. Bd3 Bb7 14. O-O h5 15. h4 Bd6 {½-½ (38) Lobov,D (2143)-Yuzhakov,O (2339) Kurgan 2010}) 10. dxe5 Bb4+ 11. Nd2 {[#]} (11. c3 $11 {remains equal.} Nxc3 12. bxc3 Qxd1+ 13. Rxd1 Bxa3 14. Bc4) 11... h5 $1 $36 {[%cal Rh5h4][%mdl 2048] Strongly threatening ...h4. Keeping White busy.} 12. h4 (12. h3 $17) 12... Bg4 $19 13. Be2 $2 {[#]} (13. Qc1) 13... Bxa3 $1 14. Bxg4 Bxb2 {[%mdl 64] aiming for ...Nc3. Double Attack. Black is clearly winning.} 15. Bxh5 Bxa1 16. e6 g6 17. Bf3 Bf6 18. exf7+ Kxf7 {Threatens to win with ...Nc3.} 19. Be4 Nc3 20. Qg4 Nxe4 21. Nxe4 Qc8 22. Qf4 Qf5 23. Qxc7+ Kg8 24. f3 Rh7 25. Qd6 Re8 26. O-O Bd4+ 27. Bf2 Rd7 28. Qa3 Rxe4 {Black took control after the opening. Accuracy: White = 40%, Black = 100%.} 0-1

[Event "Lindores Abbey Rapid Challenge-KO"]
[Site "Online"]
[Date "2020.05.29"]
[Round "2.4"]
[White "Carlsen, Magnus"]
[Black "Nakamura, Hikaru"]
[Result "1/2-1/2"]
[WhiteElo "2881"]
[BlackElo "2829"]
[Annotator "TA"]
[PlyCount "86"]
[EventDate "2020.05.19"]
[EventType "tourn"]
[SourceTitle "playchess.com"]
[Source "ChessBase"]
[SourceQuality "1"]

{[%evp 12,86,17,16,18,21,11,12,18,17,22,13,13,12,12,14,11,18,22,0,16,25,20,-16,12,19,9,0,0,0,16,0,0,-7,-7,-8,0,0,0,-2,-5,-8,0,0,6,5,15,14,13,14,14,14,15,11,33,0,11,0,9,9,31,0,0,0,0,0,0,0,0,-2,0,0,0,-8,-8,-16,-13]} 1. e4 e5 2. Nf3 Nc6 3. Bc4 Bc5 4. c3 Nf6 5. d3 d6 6. O-O h6 7. Re1 O-O {C54: Giuoco Piano: 4 c3 Nf6, main lines with 5 d4 and 5 d3.} 8. Nbd2 {[%cal Bb1d2,Bd2f1,Bf1g3][%mdl 32]} a5 9. Nf1 Be6 10. Bb5 Ne7 {10...Bb6 is the modern continuation. Played by Hikaru Nakamura in May 2020.} 11. d4 exd4 12. cxd4 Bb6 13. Ng3 d5 14. e5 Ne4 15. Be3 Nf5 16. Nxf5 Bxf5 {[#]} 17. Nd2 $146 ({Predecessor:} 17. h3 Bg6 18. Qa4 c6 19. Be2 f5 20. Rad1 Bh5 21. Bf4 Be8 22. Qb3 g5 23. Bc1 {0-1 (90) Broadway,D (2279)-Kitson,K (2281) ICCF email 2018}) 17... Nxd2 18. Qxd2 a4 19. b4 axb3 20. axb3 c6 21. Be2 Qe7 22. h3 Ra3 23. b4 {[%cal Bb3b4,Bb4b5][%mdl 32]} Rfa8 24. Rxa3 Rxa3 25. Rc1 Rb3 {[#]} 26. b5 $1 {[%mdl 512]} Qb4 {Strongly threatening ...Qxd2.} (26... cxb5 27. Qa2) 27. Qd1 (27. bxc6 {keeps more tension.} Qxd2 28. Bxd2 bxc6 29. Be3 Rb4 30. Rxc6 Bxd4 31. Bxd4 Rxd4 32. Bf3) 27... Rb1 28. Rxb1 Qxb1 29. Qxb1 (29. bxc6 {feels hotter.} Qxd1+ 30. Bxd1 bxc6 31. Ba4 Bd7 32. g4) 29... Bxb1 30. bxc6 bxc6 $11 {[%mdl 4096] Endgame KBB-KBB} 31. Bd1 Bd3 32. f4 f6 33. Kf2 Kf7 34. Ba4 fxe5 35. fxe5 Bb5 36. Bc2 Ba5 {The position is equal.} 37. g4 Bc3 38. Bf5 c5 39. e6+ Kf6 40. dxc5 g6 41. Bc2 g5 42. Bf5 d4 43. Bc1 Bb4 {An uneventful encounter. Accuracy: White = 90%, Black = 96%.} 1/2-1/2

[Event "Lindores Abbey Rapid Challenge-KO"]
[Site "Online"]
[Date "2020.05.30"]
[Round "2.4"]
[White "Nakamura, Hikaru"]
[Black "Carlsen, Magnus"]
[Result "1/2-1/2"]
[WhiteElo "2829"]
[BlackElo "2881"]
[Annotator "TA"]
[PlyCount "71"]
[EventDate "2020.05.19"]
[EventType "tourn"]
[SourceTitle "playchess.com"]
[Source "ChessBase"]
[SourceQuality "1"]

{[%evp 19,71,23,25,29,29,13,18,0,6,0,7,2,5,-2,0,-9,-1,-1,5,0,26,0,2,0,32,33,28,27,45,36,31,29,33,-6,50,40,50,21,10,21,39,6,25,33,31,22,27,13,19,0,34,0,20,0]} 1. e4 e5 2. Nf3 Nc6 3. Bb5 a6 4. Ba4 Nf6 5. O-O Be7 6. Re1 b5 7. Bb3 O-O 8. h3 Bb7 9. d3 d6 10. a3 Nb8 {10...Qd7 is setting a new trend.} 11. Nbd2 {C88: Closed Ruy Lopez: Anti-Marshall Systems.} Nbd7 12. Nf1 Re8 13. Ng5 d5 14. exd5 Bxd5 15. Bxd5 Nxd5 16. Qh5 Bxg5 $1 17. Bxg5 f6 18. Bd2 {[#]} Qe7 $146 ({Predecessor:} 18... Nf8 19. d4 Ng6 20. dxe5 Nxe5 21. Rad1 Qe7 22. Ne3 Nxe3 23. Rxe3 Qc5 24. Bc3 a5 {½-½ (24) Bezemer,A (2375)-Van den Doel,E (2586) Amsterdam 2004}) 19. Ng3 Qf7 20. Qf3 Nf8 21. Nf5 Ne7 22. Nxe7+ Qxe7 23. a4 Rab8 24. axb5 axb5 25. Ra6 Qd7 26. Rea1 Ne6 (26... e4 $11 27. Qg3 exd3 28. cxd3 Rbd8) 27. Be3 $14 Rbd8 28. Qc6 Qxc6 29. Rxc6 Kf7 30. Ra5 Rb8 31. Raa6 Rb7 32. g3 Nd8 33. Rc5 Ne6 34. Rcc6 Nd8 35. Rc5 Ne6 36. Rcc6 {Accuracy: White = 88%, Black = 85%.} 1/2-1/2

[Event "Lindores Abbey Rapid Challenge-KO"]
[Site "Online"]
[Date "2020.06.02"]
[Round "2.4"]
[White "Dubov, Daniil"]
[Black "Nakamura, Hikaru"]
[Result "1/2-1/2"]
[WhiteElo "2770"]
[BlackElo "2829"]
[Annotator "TA"]
[PlyCount "144"]
[EventDate "2020.05.19"]
[EventType "tourn"]
[SourceTitle "playchess.com"]
[Source "ChessBase"]
[SourceQuality "1"]

{[%evp 11,144,8,17,9,11,6,8,4,19,16,41,29,47,48,50,50,40,13,6,14,78,29,20,-35,0,0,-8,-38,-31,-38,-38,-56,-48,-70,-51,-89,-87,-135,-27,-154,-72,-138,-91,-95,-92,-92,-86,-69,-54,-43,-37,-111,36,-41,0,-44,-29,-16,0,-46,0,-52,0,0,111,49,182,96,104,0,117,106,113,106,100,107,111,79,78,0,0,0,0,0,0,0,0,0,0,0,0,0,0,0,0,0,0,0,0,0,0,0,0,0,0,0,0,0,0,0,9,0,687,0,0,0,0,0,0,0,0,0,0,0,0,0,0,0,0,0,0,0,0,0,0]} 1. d4 f5 2. g3 Nf6 3. Bg2 g6 4. Nd2 Nc6 5. Ngf3 Bg7 6. O-O O-O 7. Re1 {A81: Dutch Defence: 2 g3.} d5 8. c4 e6 9. b3 Ne4 10. Bb2 g5 {[#]} 11. Rc1 $146 ({Predecessor:} 11. Ne5 Nxe5 12. dxe5 Nxd2 13. Qxd2 dxc4 14. Qc1 cxb3 15. Rd1 Qe8 16. axb3 c6 17. Qxg5 {1-0 (36) Wirig,A (2496)-Skulener,W (2394) Belgium 2017}) 11... g4 12. Ne5 Nxe5 13. dxe5 c6 14. f3 Nxd2 15. Qxd2 h5 (15... dxc4 $11 16. Red1 Qxd2 17. Rxd2 cxb3) 16. f4 h4 17. c5 (17. Red1 $11) 17... Kf7 18. Bd4 Rh8 19. Kf2 Bd7 20. Rc3 Bf8 21. Rg1 Be7 22. Ke1 Qc7 23. Kd1 b6 24. Qe3 Qb7 (24... h3 $17 25. Bh1 b5) 25. Rc2 (25. h3 $1 $11 {keeps the balance.}) 25... Rab8 (25... h3 $142 26. Bh1 Rhb8) 26. Ke1 (26. h3 $142) 26... Qa6 27. Kf2 h3 28. Bf1 bxc5 29. Bxc5 Rb5 {White must now prevent ...Rxc5.} 30. Bxe7 Kxe7 31. Qd2 ({White should try} 31. Qc3 $1 $15 Qa5 32. e3 Qxc3 33. Rxc3) 31... Qa3 {[#]} (31... Qb6+ $1 $17 32. e3 Rb4) 32. e3 (32. e4 $1 $14 {[%mdl 512]} Rc5 (32... dxe4 33. Bxb5) 33. exf5 exf5 34. Bd3) 32... Ra5 33. Bd3 (33. Be2 $5 {[%cal Rb3b4]} Rb8 34. Rgc1 $11) 33... c5 34. Rgc1 Rb8 35. Be2 Rb6 36. Bf1 (36. e4 $11 c4 37. bxc4 Qc5+ 38. Kf1) 36... Bc8 (36... Qb4 $1 $15) 37. e4 $36 {[%mdl 2048] Threatens to win with exf5. White is more active.} d4 ({Don't go for} 37... dxe4 $2 38. Rd1 $18) ({Reject} 37... fxe4 $6 38. Qd1 $16) (37... Qb4 $1 $11) 38. Bd3 (38. Kg1 $16) 38... Bd7 (38... Qb4 $1 $14) 39. Re1 (39. Qd1 $18) 39... Qb4 $16 {[#]} 40. Qxb4 ({White should play} 40. Qd1 $1 $16) 40... cxb4 (40... Rxb4 $11 {remains equal.} 41. exf5 exf5) 41. exf5 exf5 42. Ree2 Be6 43. Red2 Rb7 44. Bc4 Rc7 45. Bxe6 (45. Ke2 $16) 45... Rxc2 $11 46. Rxc2 Kxe6 $16 {[%mdl 4096] Endgame KR-KR} 47. Ke2 Kd5 48. Kd3 Ra6 49. Re2 Re6 50. Rc2 Ra6 51. Re2 Ke6 52. Kxd4 Rc6 $1 53. Ke3 Rc3+ 54. Kd2 Rf3 55. Re3 {And now Rxf3 would win.} Rf1 56. Re1 Rf2+ 57. Re2 Rg2 58. Kd1 Ke7 59. Kd2 Kd7 60. Kd1 (60. Ke3 {seems wilder.} Rg1 61. Rd2+ Ke8 62. Re2 Ke7 63. Rd2) 60... Ke6 61. Kd2 (61. Rc2 {looks sharper.} Rg1+ 62. Ke2 Rg2+ 63. Kd3 Ke7 64. Re2) 61... Kd5 $2 {[%mdl 8192] [#]} (61... Kd7 $11) 62. e6 $2 (62. Ke3 $1 $18) 62... Rxe2+ {The position is equal.} 63. Kxe2 {Threatening mate with e7.} Kxe6 $11 {KP-KP} 64. Kd3 Kd5 65. Ke3 a6 (65... Kc5 $5) 66. Kd3 Kc5 67. Ke3 Kd5 68. Kd3 a5 69. Ke3 Kc5 70. Kd3 Kd5 71. Ke3 Kc5 72. Kd3 Kd5 {Accuracy: White = 61%, Black = 72%.} 1/2-1/2

[Event "Lindores Abbey Rapid Challenge-KO"]
[Site "Online"]
[Date "2020.05.26"]
[Round "2.4"]
[White "Dubov, Daniil"]
[Black "Karjakin, Sergey"]
[Result "0-1"]
[WhiteElo "2770"]
[BlackElo "2709"]
[Annotator "TA"]
[PlyCount "100"]
[EventDate "2020.05.19"]
[EventType "tourn"]
[SourceTitle "playchess.com"]
[Source "ChessBase"]
[SourceQuality "1"]

{[%evp 9,100,36,32,39,55,62,54,47,58,52,63,35,41,26,37,0,27,17,42,40,45,-9,-7,-4,22,20,13,0,0,0,0,0,0,-17,-17,-18,-18,-18,-13,-13,-13,-13,-14,-14,-14,-17,-17,-17,-17,-20,-10,-23,0,-10,-10,-10,-10,-24,-10,-10,-10,-10,-10,-10,0,0,0,-10,-10,-10,-10,-10,-10,-10,-10,-128,-134,-180,-180,-647,-625,-1032,-54,-1040,-1035,-1110,-947,-29973,-29972,-29971,-29971,-6108,-5824]} 1. d4 Nf6 2. c4 d6 3. Nf3 g6 4. Nc3 Bf5 5. e3 Bg7 6. Bd3 {E61: King's Indian: Early deviations for White, including Smyslov System.} Bg4 $5 {[%mdl 4] An interesting side line.} 7. O-O O-O 8. h3 {White is slightly better.} Bxf3 9. Qxf3 c6 {[#]} 10. b3 $146 ({Predecessor:} 10. a3 a5 11. Re1 Nbd7 12. Bd2 e5 13. d5 Qb6 14. Rab1 Nc5 15. e4 a4 16. Be3 {0-1 (43) Krasteva,B (1361)-Galunova,T (2125) Plovdiv 2014}) 10... Nbd7 11. Bb2 e5 12. dxe5 dxe5 13. Qe2 Re8 14. Rfd1 Qc7 15. Ne4 (15. b4 $14) 15... Nxe4 $11 16. Bxe4 Nc5 17. Bc2 a5 18. Ba3 Bf8 19. Rd2 e4 20. Rad1 Qe5 21. Bxc5 Bxc5 22. Rd7 b6 23. g3 h5 24. h4 Re6 25. Rd8+ Rxd8 26. Rxd8+ Kg7 27. Kg2 Qb2 28. Bd1 Qf6 29. Qd2 Re5 30. Rd7 Rf5 31. Bc2 Qe5 32. Qd1 Rf6 33. Rd2 Kh6 34. Qb1 Re6 35. Rd8 Qf6 36. Qd1 Bd6 37. Rd7 Bc5 38. Rd8 Kg7 39. Rd7 Re8 40. Kg1 Qb2 $36 {[%mdl 2048] White is under pressure.} 41. Rd2 Qe5 42. Rd7 {[#]} (42. Kg2 $11) 42... Bxe3 $1 $17 {[%mdl 512]} 43. fxe3 {And now Qd4 would win.} Qxg3+ {[%mdl 64] Double Attack} 44. Kf1 $2 {[#]} (44. Kh1) 44... Re6 $1 $19 {[%cal Re6f6] ( -> ...Rf6+)} 45. Ke2 Qg2+ 46. Ke1 {intending Qd4+. Loses the game.} Rf6 {[%csl Gf6][%cal Rg2f2]} 47. Qd4 Qxc2 48. Rd6 Qf2+ 49. Kd1 Qg1+ 50. Kc2 Qh2+ {[%mdl 64] Double Attack. Accuracy: White = 74%, Black = 93%.} 0-1

[Event "Lindores Abbey Rapid Challenge-KO"]
[Site "Online"]
[Date "2020.05.30"]
[Round "2.5"]
[White "Carlsen, Magnus"]
[Black "Nakamura, Hikaru"]
[Result "0-1"]
[WhiteElo "2881"]
[BlackElo "2829"]
[Annotator "TA"]
[PlyCount "84"]
[EventDate "2020.05.19"]
[EventType "tourn"]
[SourceTitle "playchess.com"]
[Source "ChessBase"]
[SourceQuality "1"]

{[%evp 12,84,14,0,17,0,0,0,0,0,11,0,0,0,0,0,0,0,0,0,13,0,6,0,10,1,5,-27,12,5,9,7,74,12,35,39,75,62,68,24,57,41,61,58,61,54,55,36,85,64,65,77,81,80,105,101,187,191,154,172,158,166,312,66,69,8,9,8,10,-805,-801,-831,-825,-821,-794]} 1. d4 Nf6 2. c4 e6 3. Nf3 d5 4. Nc3 Be7 5. Bf4 O-O 6. e3 Nbd7 7. Be2 dxc4 {D37: Queen's Gambit Declined: 5 Bf4.} 8. O-O a6 (8... c5 9. dxc5 Bxc5 10. Bxc4 a6 11. Ng5 b5 12. Bxe6 fxe6 13. Nxe6 Qe7 14. Nxf8 Qxf8 15. Ne4 Bb7 16. Nxc5 Qxc5 17. Rc1 Qd5 18. f3 Qxa2 {1-0 (52) Carlsen,M (2863)-Nakamura,H (2736) chess24.com INT 2020}) 9. a4 Nd5 {The position is equal.} 10. Bg3 c5 11. Bxc4 cxd4 12. exd4 {[#]} N7b6 $146 ({Predecessor:} 12... Nb4 13. Re1 Nf6 14. Qe2 Bd7 15. Rad1 Qa5 16. d5 exd5 17. Qxe7 Rfe8 18. Qd6 dxc4 {1-0 (55) Boychuk,T (2510)-Lalic,B ICCF email 2016}) 13. Bb3 a5 14. Ne5 Bd7 15. Ne4 Bc6 16. Nxc6 bxc6 17. Rc1 Nb4 18. Qe2 N6d5 19. Rfd1 Re8 20. Qf3 Ra7 21. Be5 Bf8 (21... f6 $11 22. Bf4 Nxf4 23. Qxf4 Nd5) 22. Qg3 (22. Bxd5 $1 $16 Nxd5 23. Rxc6) 22... f6 23. Bd6 Bxd6 24. Nxd6 {Threatens to win with Bxd5.} Rf8 25. Ne4 Qb8 26. Qf3 Re8 27. g3 Kh8 28. Nc5 Rae7 29. Bc4 e5 {[#]} 30. dxe5 $1 Qxe5 31. Rd2 Qg5 32. Nb3 Nb6 33. h4 Qe5 (33... Qh6 $16 {keeps fighting.}) 34. Re2 $18 Qc7 {[#]} 35. Rxe7 $1 Qxe7 36. Nxa5 Qe5 (36... Nxa4 {was worth a try.} 37. b3 (37. Nxc6 Nxc6 38. Qxc6 Nxb2 $16) 37... Qc5) 37. Nb3 $2 (37. Nxc6 Qxb2 38. Rd1 Nxc4 $16) (37. Bf7 $18 Rf8 38. Nxc6 Qxb2 39. Qd1) 37... Nxa4 $14 38. Bf7 (38. Bf1 $1 $14) 38... Rf8 $11 39. Rc4 Rxf7 40. Rxb4 $4 {[%mdl 8192]} (40. Qe4 $11 Qxe4 41. Rxe4) 40... Qe1+ $19 {[%mdl 64] Double Attack. Black is clearly winning.} 41. Kh2 Qxb4 42. Qxc6 Rf8 {Accuracy: White = 69%, Black = 68%.} ({Weaker is} 42... Qxb3 43. Qe8+ Rf8 44. Qxf8+ Qg8 45. Qb4 $11) 0-1

[Event "Lindores Abbey Rapid Challenge-KO"]
[Site "Online"]
[Date "2020.05.26"]
[Round "2.5"]
[White "Dubov, Daniil"]
[Black "Karjakin, Sergey"]
[Result "0-1"]
[WhiteElo "2770"]
[BlackElo "2709"]
[Annotator "TA"]
[PlyCount "104"]
[EventDate "2020.05.19"]
[EventType "tourn"]
[SourceTitle "playchess.com"]
[Source "ChessBase"]
[SourceQuality "1"]

{[%evp 16,104,11,0,0,0,0,-34,0,0,0,0,0,-13,0,2,67,55,46,59,91,91,124,103,95,87,166,28,129,156,140,108,252,246,362,352,347,356,431,435,448,444,866,805,1274,1242,1021,265,284,283,278,261,226,0,0,-44,-45,-33,16,16,16,14,20,0,8,0,0,0,0,0,0,0,47,0,7,7,8,-535,-8,-1197,-1168,-29981,-29982,-29982,-29983,-29983,-29984,-29975,-1424,-29982,-29983]} 1. d4 Nf6 2. c4 e6 3. Nf3 d5 4. Nc3 Be7 5. Bg5 O-O 6. e3 h6 7. Bxf6 Bxf6 8. cxd5 exd5 9. Qb3 c6 {D55: Queen's Gambit Declined: 4 Bg5 Be7: Lines without ...h6 and 6...h6 7 Bxf6.} 10. Bd3 Re8 11. h3 Nd7 {Black is slightly better.} 12. O-O Nf8 {[#]} 13. Rae1 $146 ({Predecessor:} 13. Qc2 Ne6 14. Rfe1 Ng5 15. Nxg5 hxg5 16. e4 Bxd4 17. exd5 Bd7 18. dxc6 Bxc6 19. Red1 {0-1 (27) Vuori,J-Asomaeki,P Finland 1989}) 13... Ne6 14. Nh2 h5 15. f4 c5 ({Black should try} 15... g6 $11) 16. Bb5 (16. Qxd5 cxd4 17. Qxd8 Rxd8 $15) 16... cxd4 17. Nxd5 Rf8 18. e4 $1 Bh4 19. Rc1 a6 20. Bd3 $36 {[%mdl 2048] White is really pushing.} Bg3 (20... b6 $16) 21. f5 (21. Bb1 $18 h4 22. Ng4) 21... Nc7 (21... Qd6 $1 $11 {remains equal.} 22. Nf3 Nc5) 22. Nb6 $16 Rb8 23. Nf3 Nb5 (23... Bd7 $16 {was necessary.}) 24. Nd5 $18 (24. Rxc8 $6 Rxc8 25. Nxc8 Qxc8 $16) 24... Nc7 (24... Nd6 $142 25. Nxd4 Re8) 25. Nxc7 ({Worse is} 25. Nxd4 Nxd5 26. exd5 Qf6 $11) 25... Bxc7 26. e5 $1 b5 27. Qc2 Ba5 28. Qe2 Bb7 {[#]} (28... Qe7 $142 29. e6 (29. Nxd4 Bb6 $17) 29... fxe6) 29. f6 $1 {[%mdl 512]} Qd5 (29... gxf6 30. Nh4) 30. Nh4 g6 {[#]} 31. Nf5 $2 (31. Rf5 $3 {[%mdl 512]}) 31... Rbe8 ({Reject} 31... gxf5 32. Rxf5 Rfc8 33. Rxc8+ Rxc8 34. Rg5+ Kf8 35. Qxh5 $18) 32. Ne7+ Rxe7 33. fxe7 {Black must now prevent Bxg6.} Re8 34. e6 $2 (34. Bxg6 $1 $18 Rxe7 35. Bxh5) 34... f5 $11 35. a4 (35. Qf3 {looks sharper.} Rxe7 36. Qxd5 Bxd5 37. a4 Bd2 38. Rc5) 35... Rxe7 36. axb5 Rxe6 37. Qf3 Qxf3 38. gxf3 axb5 39. Bxb5 Rb6 40. Bc4+ Kf8 41. b3 Bd2 42. Ra1 Be3+ 43. Kg2 g5 44. Ra7 g4 45. hxg4 hxg4 46. Be2 $2 {[%mdl 8192]} (46. Rxb7 $11 {and White is okay.} gxf3+ 47. Rxf3 Rxb7 48. Rxf5+ Kg7 49. Kf3) 46... Rxb3 $2 {[#]} (46... d3 $1 $19 {[%cal Rd3e2]} 47. Bd1 gxf3+ 48. Bxf3 Rg6+ {[%mdl 64] Discovered Attack} 49. Kh3 Bxf3 50. Rxf3 Bxa7 51. Rxd3 f4) 47. Ra5 $2 {[%mdl 8192]} (47. Rxb7 $1 $11 {[%mdl 512]} Rxb7 48. fxg4) 47... f4 $19 48. Rh1 gxf3+ 49. Bxf3 Rb2+ 50. Kh3 Bxf3 51. Rha1 Rb7 (51... d3 $142 52. Rf5+ Kg7 53. Re5 d2 54. Re7+ Kf6 55. Re8 Rb5 56. Rh8 Kg7 57. Rh4 Rg5 58. Kh2 {[#]} Bg1+ $1 {[%mdl 576] Promotion} 59. Rxg1 Rxg1 60. Rh7+ Kxh7 61. Kxg1 d1=Q+ 62. Kf2 Qe2+ 63. Kg1 Qg2#) 52. Rf5+ Rf7 {Quite a comeback for Black. Accuracy: White = 58%, Black = 48%.} 0-1

[Event "Lindores Abbey Rapid Challenge-KO"]
[Site "Online"]
[Date "2020.06.01"]
[Round "3.1"]
[White "Dubov, Daniil"]
[Black "Nakamura, Hikaru"]
[Result "0-1"]
[WhiteElo "2770"]
[BlackElo "2829"]
[Annotator "TA"]
[PlyCount "92"]
[EventDate "2020.05.19"]
[EventType "tourn"]
[SourceTitle "playchess.com"]
[Source "ChessBase"]
[SourceQuality "1"]

{[%evp 20,92,44,26,44,29,29,27,37,21,39,14,20,39,72,53,43,0,0,0,0,-22,-22,-25,-25,-32,-33,-27,-27,-22,-24,-38,-20,-23,-25,-15,-22,-19,-17,-85,-85,-82,-85,-145,-137,-137,-113,-170,-146,-148,-147,-194,-175,-190,-190,-228,-209,-674,-655,-614,-614,-595,-528,-1666,-1754,-6183,-5974,-5089,-5089,-5081,-5081,-3777,-1690,-29983,-29984]} 1. d4 Nf6 2. c4 e6 3. Nf3 d5 4. Nc3 Be7 5. Bg5 h6 6. Bh4 O-O 7. Qc2 c5 8. dxc5 dxc4 9. e3 Na6 10. Bxc4 Nxc5 11. O-O a6 {D61: Queen's Gambit Declined: Classical: 7 Qc2.} 12. Rfd1 Qe8 $1 {[#]} 13. Be2 $146 ({Predecessor:} 13. b4 Ncd7 14. b5 b6 15. bxa6 Bxa6 16. Bxa6 Rxa6 17. Nb5 Ne5 18. Nfd4 Ra5 19. a4 {1-0 (80) Ubilava,E (2490)-Vazquez Igarza,R (2571) Benasque 2013}) 13... b6 {White has an edge.} 14. b4 Ncd7 15. Nd4 {Strongly threatening Bf3.} Bb7 16. Qb2 Rc8 17. b5 a5 18. Na4 Nd5 19. Bxe7 Qxe7 20. Bf3 Nc5 21. Nxc5 Rxc5 22. Nc6 Bxc6 23. bxc6 Qc7 24. Rac1 Qxc6 25. Rxc5 Qxc5 26. Bxd5 exd5 $11 {[%mdl 4096] Endgame KQR-KQR} 27. Rc1 Qd6 28. g3 Rd8 29. Qb5 (29. Rd1 $11) 29... d4 $17 {Black continues to play with concentration.} 30. exd4 Qxd4 31. Rc6 (31. Re1 $142) 31... Qe4 {Hoping for ...Rd1+.} 32. Rc1 Qf3 33. Qb1 (33. Re1 $17 {might work better.}) 33... g6 34. h4 Rd6 35. Qa1 {White threatens Rc8+ and mate.} Kh7 $1 36. Qb1 h5 37. Re1 a4 38. Qb4 $2 {[#]} (38. Qe4 Qxe4 39. Rxe4) 38... Rd1 $1 $19 39. Rxd1 Qxd1+ {KQ-KQ} 40. Kh2 {[#]} Qc2 $1 {[%csl LRa2,LRf2][%cal Rc2f2]} 41. Qxb6 {intending a3.} Qxa2 42. Qf6 Qe6 43. Qc3 Qb3 44. Qf6 a3 {[%cal Ba4a3,Ba3a2][%mdl 32]} 45. g4 {[#]} Qe6 $1 46. Qf3 a2 {Accuracy: White = 54%, Black = 97%.} 0-1

[Event "Lindores Abbey Rapid Challenge-KO"]
[Site "Online"]
[Date "2020.06.03"]
[Round "3.1"]
[White "Dubov, Daniil"]
[Black "Nakamura, Hikaru"]
[Result "1/2-1/2"]
[WhiteElo "2770"]
[BlackElo "2829"]
[Annotator "TA"]
[PlyCount "50"]
[EventDate "2020.05.19"]
[EventType "tourn"]
[SourceTitle "playchess.com"]
[Source "ChessBase"]
[SourceQuality "1"]

{[%evp 19,50,0,23,12,12,12,15,0,9,10,14,0,12,0,0,0,21,0,0,0,0,-7,0,0,0,0,0,0,0,0,0,0,0]} 1. c4 e5 2. Nc3 Nf6 3. Nf3 Nc6 4. g3 d5 5. cxd5 Nxd5 6. Bg2 Nb6 7. O-O Be7 8. a3 O-O 9. b4 {[%cal Bb2b4,Bb4b5][%mdl 32]} Be6 10. Rb1 f6 11. b5 {A29: English Opening: Four Knights Variation with 4 g3.} Nd4 {The position is equal.} 12. e3 Nxf3+ 13. Bxf3 c6 14. bxc6 bxc6 15. Bxc6 Rc8 16. Bb7 Rc7 {[#]} 17. Ba6 $146 ({Predecessor:} 17. Bf3 Qd3 18. Be2 Qd7 19. a4 Rd8 20. Nb5 Rcc8 21. d3 Bf8 22. Bd2 Nc4 23. dxc4 Qxd2 24. Qxd2 Rxd2 25. Nxa7 {½-½ (35) Coyne,D (2328)-Sherwood,A (2349) ICCF email 2018}) 17... Bf5 {[#] And now ...Rxc3 would win.} 18. Ra1 Qd7 19. Re1 Rd8 {Threatens to win with ...Rxc3!} 20. Qe2 Bg4 21. f3 Be6 22. Bb5 Qc8 23. Ba6 Qd7 24. Bb5 Qc8 25. Ba6 Qd7 {An uneventful encounter. Accuracy: White = 100%, Black = 100%.} 1/2-1/2